• 首页
  • 本馆介绍
  • 公告通知
  • 最新文献
  • 馆藏检索
  • 电子资源
  • 读者导购
  • 参考咨询
  • 我的图书馆
  • 登录
  • 详细信息显示
  • 放入我的书架
  • 预约/预借图书
  • 作者相关作品
  • 分类相关作品
  • 丛书相关作品
  • 出版社相关作品

书目信息

  • 表格格式
  • 工作单格式
  • 卡片格式
题名:
微波铁氧体线性器件原理
    
 
作者: 向仁生 编著
分册:  
出版信息: 北京   科学出版社  1979
页数: 205页
开本: 19cm
丛书名:
单 册:
中图分类: TN61
科图分类:
主题词: 微波铁氧体器件
电子资源:
ISBN:
000 00593nam0 2200217 45
001 0179005949
005 20060814153001.07
010    @dCNY0.70
091    @a15031.220
100    @a19950728d1979 em y0chiy0121 ea
101 0  @achi
102    @aCN@b110000
105    @ay z 000yy
200 10 @a微波铁氧体线性器件原理@Awei bo tie yang ti xian xing qi jian yuan li@f向仁生编著
210    @a北京@c科学出版社@d1979
215    @a205页@d19cm
606    @a微波铁氧体器件
690    @aTN61@v3 
701  0 @a向仁生@Axiang ren sheng@4编著
801  0 @aCN@bTSSF@c20060814
905    @a10447@dTN61@e65
    
    微波铁氧体线性器件原理/向仁生编著.-北京:科学出版社,1979
    205页;19cm
    
    
    ISBN :CNY0.70
    
●
相关链接 在E读中查询图书 在五车中查询图书 在当当中查询图书 在豆瓣中查询图书


正题名:微波铁氧体线性器件原理     索取号:TN61/65         预约/预借

序号 登录号 条形码 馆藏地/架位号 状态 备注
1 0458222   204582228   密集书库/ [索取号:TN61/65] 在馆    
2 0458223   204582237   密集书库/ [索取号:TN61/65] 在馆    
3 0458224   204582246   密集书库/ [索取号:TN61/65] 在馆    
4 0458225   204582255   密集书库/ [索取号:TN61/65] 在馆    
唐山师范学院图书馆 欢迎您!
大连网信软件有限公司© 版权所有